Tôn giáo học và tôn giáo vùng Đông Á /

Shranjeno v:
Bibliografske podrobnosti
Glavni avtor: Minh Chi
Format: Sách giấy
Jezik:Vietnamese
Izdano: TP.HCM : Đại học Tổng hợp , 1994
Oznake: Označite
Brez oznak, prvi označite!
Thư viện lưu trữ: Thư viện Trường Đại học Đà Lạt
LEADER 00593nam a2200253 4500
001 DLU020012045
005 ##5/22/2000
020 # # |a 978- 
041 # # |a vie 
082 # # |a 200.7  |b MI-C 
090 # # |a 200.7  |b MI-C 
100 # # |a Minh Chi 
245 # # |a Tôn giáo học và tôn giáo vùng Đông Á /  |c Minh Chi 
260 # # |a TP.HCM :  |b Đại học Tổng hợp ,  |c 1994 
300 # # |a 144 tr.;   |c 20 cm. 
992 # # |a 10000 
994 # # |a DLU 
900 # # |a False 
911 # # |a Administrator 
925 # # |a G 
926 # # |a A 
927 # # |a SH 
980 # # |a Thư viện Trường Đại học Đà Lạt